00314nam a22001457a 4500003000400000005001700004008004100021020001800062040000700080082001000087100002100097245002200118260002000140300000800160OSt20211007121928.0211007b |||||||| |||| 00| 0 eng d a9780073406725 chu a302.1 ateri kwal gamble acommunition works ausabhallc2010 a524